Statistics for Music Theory

Click here to take the quiz!

General Stats

  • This quiz has been taken 669 times
    (661 since last reset)
  • The average score is 21 of 44

Answer Stats

HintAnswer% Correct
A crescendo is a increase in...volume
85%
Another name for a perfect eighthoctave
84%
"Re" on the E♭ major scale (moveable solfege)F
82%
A note to follow SolLa
81%
An accidental that raises a note by a semitone (spell it)sharp
78%
Music in 3/4 time might be a minuet or a...waltz
76%
Roman numeral for an E major chord in the key of B majorIV
75%
Bar lines separate music into...measures
75%
A scale that includes every pitch classchromatic
73%
Another name for treble clefG clef
73%
Relative key of B minor (full name)D major
69%
"piano" is Italian for...soft
68%
Number of sharps in the key signature of F♯ minor3
67%
Another name for F-clefbass clef
67%
Piano key color of the natural noteswhite
66%
Like a note, but no soundrest
64%
Number of sharps in the key signature of F major0
63%
Full name of the key signature with B♭ and E♭(only)B flat major
56%
Name of the 5th scale degreedominant
54%
Accidental that resembles an Xdouble sharp
53%
The music term for what physicists call frequencypitch
53%
Another name for semitonehalf step
50%
The type of note which gets one count in 7/8 timeeighth note
48%
A crotchet, in American English, is a...quarter note
48%
Extra line above or below the staffledger line
47%
SATB stands for...soprano alto tenor bass
47%
6/8 time is a kind of ________ metercompound
46%
Name for "sound quality" or "tone color"timbre
46%
Music combines elements of melody, harmony, and...rhythm
38%
The quality of a fifth with 6 semitonesdiminished
37%
Interval equaling 8 semitonesminor 6th
34%
An open fifth, played on an electric guitar with distortionpower chord
31%
Chord with the fifth as the lowest note2nd inversion
28%
Previous answer, but with a raised seventh scale degreeharmonic minor
25%
Also known as Aeolean modenatural minor
25%
A chord containing a perfect fourth instead of a thirdsuspended
25%
A chord with these notes: B D♯ F♯ A C♯B9
21%
Parallel key of A♭ majorA-flat minor
18%
1/100 of a semitone, in equal temperamentcent
18%
Also known as MIDI note 60middle C
15%
An interval which has 4/3s the frequency of the starting noteperfect fourth
15%
The ♭II chord in a major keyNeapolitan chord
12%
A chord that's in both keys, when changing keys, is called a...pivot chord
11%
Name of the difference between 12 pure fifths and 7 pure octavesPythagorean comma
1%

Score Distribution

Percentile by Number Answered

Percent of People with Each Score

Your Score History

You have not taken this quiz since the last reset